Jeux Olympiques de Paris 2024 (médailles) - Statistiques

Statistiques générales
  • Ce quiz a été pris 104 fois
  • Le résultat moyen est 15 sur 20
Statistiques - réponses
classement médailles
d'or
médailles
d'argent
médailles
de bronze
médailles
(totale)
Pays % Correct
2 40 27 24 91 Chine
100%
5 16 26 22 64 France
100%
3 20 12 13 45 Japon
99%
1 40 44 42 126 Etat-Unis
93%
15 5 4 9 18 Espagne
91%
4 18 19 16 53 Australie
90%
7 14 22 29 65 Grande-Bretagne
89%
9 12 13 15 40 Italie
88%
10 12 13 8 33 Allemagne
86%
20 3 7 10 20 Brésil
80%
6 15 7 12 34 Pays-Bas
77%
12 9 7 11 27 Canada
75%
8 13 9 10 32 Corée du Sud
74%
16 4 4 3 11 Suède
68%
18 4 1 3 8 Norvège
60%
11 10 7 3 20 Nouvelle-Zélande
59%
14 6 7 6 19 Hongrie
44%
19 4 0 3 7 Irlande
41%
17 4 2 5 11 Kenya
41%
13 8 2 3 13 Ouzbékistan
33%
Aucun quiz correspondant
Distribution des résultats
% des personnes avec chaque résultat
Percentile par nombre de réponses
Votre historique - résultats
Vous n’avez pas pris ce quiz